[Event "CAN-op U1600 (Pinnacle 48th CAN Op Ch)"]
[Site "Toronto CAN"]
[Date "2011.07.09"]
[Round "1"]
[White "Abbarin, Shabnam"]
[Black "Sirkovich, Daniel"]
[Result "0-1"]
[WhiteElo "1474"]
[BlackElo "1206"]
[PlyCount "58"]
[GameId "2160767909707578"]
[EventDate "2011.07.09"]
[EventType "swiss"]
[EventRounds "9"]
[EventCountry "CAN"]
[SourceTitle "EXT 2022"]
[Source "ChessBase"]
[SourceDate "2021.10.06"]
[SourceVersion "1"]
[SourceVersionDate "2021.10.06"]
[SourceQuality "1"]

1. e4 c5 2. Nf3 d6 3. d4 cxd4 4. Nxd4 Nf6 5. Nc3 g6 6. Bb5+ Bd7 7. Bxd7+ Nbxd7 8. O-O Bg7 9. Be3 O-O 10. f4 Rc8 11. Nde2 a6 12. Ng3 Qa5 13. a3 Rfe8 14. h3 Qc7 15. Rc1 Nb6 16. Nce2 Red8 17. Kh1 Nc4 18. Bd4 e5 19. Bc3 Ne3 20. Qd2 Nxf1 21. Rxf1 b6 22. h4 Qe7 23. f5 Ng4 24. Qg5 Qxg5 25. hxg5 Ne3 26. Rc1 h6 27. gxh6 Bxh6 28. Nf1 Ng4 29. Re1 Nf2+ 0-1

[Event "CAN-op U1600 (Pinnacle 48th CAN Op Ch)"]
[Site "Toronto CAN"]
[Date "2011.07.09"]
[Round "1"]
[White "Blium, Benjamin"]
[Black "Tismenko, Tetyana"]
[Result "0-1"]
[WhiteElo "1382"]
[BlackElo "1297"]
[PlyCount "89"]
[GameId "2160767909707579"]
[EventDate "2011.07.09"]
[EventType "swiss"]
[EventRounds "9"]
[EventCountry "CAN"]
[SourceTitle "EXT 2022"]
[Source "ChessBase"]
[SourceDate "2021.10.06"]
[SourceVersion "1"]
[SourceVersionDate "2021.10.06"]
[SourceQuality "1"]

1. e4 c6 2. d4 d5 3. Nc3 dxe4 4. Nxe4 Bf5 5. Ng3 Bg6 6. h4 h5 7. Nf3 Nd7 8. Be3 Ngf6 9. c4 e6 10. a3 a5 11. Bd3 Bxd3 12. Qxd3 Bd6 13. O-O-O Ng4 14. Ne4 Be7 15. Rdf1 Nxe3 16. fxe3 Nf6 17. Ne5 Bd6 18. Nxd6+ Qxd6 19. Rf4 Rd8 20. Rd1 O-O 21. g4 Nxg4 22. Nxg4 hxg4 23. Rxg4 f5 24. Rg6 Rf6 25. Rdg1 Rxg6 26. Rxg6 Kf7 27. h5 Qh2 28. d5 cxd5 29. Qd4 Qh1+ 30. Kd2 Qh2+ 31. Kc3 e5 32. Qb6 d4+ 33. Kb3 a4+ 34. Kxa4 Qc2+ 35. b3 Ra8+ 36. Kb4 Qc3+ 37. Kb5 Qxb3+ 38. Kc5 Qxa3+ 39. Kd5 Ra5+ 40. c5 Qa2+ 41. Kxe5 Qh2+ 42. Kd5 Qh1+ 43. Ke5 Ra6 44. Qxa6 bxa6 45. c6 0-1

[Event "CAN-op U1600 (Pinnacle 48th CAN Op Ch)"]
[Site "Toronto CAN"]
[Date "2011.07.09"]
[Round "1"]
[White "Brown, John R"]
[Black "Perez, Matthew"]
[Result "1-0"]
[WhiteElo "1561"]
[BlackElo "1306"]
[PlyCount "41"]
[GameId "2160767909707580"]
[EventDate "2011.07.09"]
[EventType "swiss"]
[EventRounds "9"]
[EventCountry "CAN"]

1. d4 e6 2. Nc3 a6 3. Nf3 h6 4. g3 d6 5. Bg2 Nc6 6. e4 Na7 7. O-O Nf6 8. Re1 b6 9. e5 Nh7 10. Qd3 Bb7 11. exd6 Bxd6 12. d5 O-O 13. dxe6 fxe6 14. Rxe6 Rf6 15. Rxf6 Nxf6 16. Bxh6 Qf8 17. Bd2 Qf7 18. Ng5 Qh5 19. Bxb7 Rf8 20. Bf3 Qh8 21. Qc4+ 1-0

[Event "CAN-op U1600 (Pinnacle 48th CAN Op Ch)"]
[Site "Toronto CAN"]
[Date "2011.07.09"]
[Round "1"]
[White "Cabioc, Jose"]
[Black "Xu, Jeffrey"]
[Result "0-1"]
[WhiteElo "1538"]
[BlackElo "1275"]
[PlyCount "52"]
[GameId "2160767909707581"]
[EventDate "2011.07.09"]
[EventType "swiss"]
[EventRounds "9"]
[EventCountry "CAN"]
[SourceTitle "EXT 2022"]
[Source "ChessBase"]
[SourceDate "2021.10.06"]
[SourceVersion "1"]
[SourceVersionDate "2021.10.06"]
[SourceQuality "1"]

1. e4 c5 2. Nf3 Nc6 3. d4 cxd4 4. Nxd4 Qc7 5. Nc3 g6 6. Be3 Bg7 7. Qd2 Nf6 8. f3 h6 9. O-O-O a6 10. Kb1 b5 11. g4 b4 12. Nd5 Nxd5 13. exd5 Nxd4 14. Bxd4 Bxd4 15. Qxd4 O-O 16. Qxb4 Rb8 17. Qxe7 Qc3 18. b3 Qxf3 19. Bc4 Qxg4 20. d6 Qxc4 21. Rhf1 Qe6 22. Qh4 h5 23. Rf6 Qg4 24. Qxg4 hxg4 25. Rf4 f5 26. c4 g5 0-1

[Event "CAN-op U1600 (Pinnacle 48th CAN Op Ch)"]
[Site "Toronto CAN"]
[Date "2011.07.09"]
[Round "1"]
[White "Lean, Nathan"]
[Black "Muntaner, Daniel"]
[Result "1/2-1/2"]
[WhiteElo "1515"]
[BlackElo "1252"]
[PlyCount "42"]
[GameId "2160767909707584"]
[EventDate "2011.07.09"]
[EventType "swiss"]
[EventRounds "9"]
[EventCountry "CAN"]
[SourceTitle "EXT 2022"]
[Source "ChessBase"]
[SourceDate "2021.10.06"]
[SourceVersion "1"]
[SourceVersionDate "2021.10.06"]
[SourceQuality "1"]

1. e4 e5 2. Nf3 Nc6 3. Bb5 Bc5 4. Nc3 Nf6 5. O-O d6 6. d3 h6 7. Na4 Bb6 8. Re1 O-O 9. c3 a6 10. Nxb6 cxb6 11. Ba4 b5 12. Bb3 Re8 13. h3 d5 14. exd5 Nxd5 15. d4 Be6 16. Nxe5 Nxe5 17. Rxe5 a5 18. Qe2 Nf6 19. Bxe6 Rxe6 20. Rxe6 fxe6 21. Qxb5 Rb8 1/2-1/2

[Event "CAN-op U1600 (Pinnacle 48th CAN Op Ch)"]
[Site "Toronto CAN"]
[Date "2011.07.09"]
[Round "1"]
[White "Pancer, Jeff"]
[Black "Siu, Wayne"]
[Result "1-0"]
[WhiteElo "1256"]
[BlackElo "1527"]
[PlyCount "134"]
[GameId "2160767909707585"]
[EventDate "2011.07.09"]
[EventType "swiss"]
[EventRounds "9"]
[EventCountry "CAN"]
[SourceTitle "EXT 2022"]
[Source "ChessBase"]
[SourceDate "2021.10.06"]
[SourceVersion "1"]
[SourceVersionDate "2021.10.06"]
[SourceQuality "1"]

1. h3 Nf6 2. a3 b6 3. d3 Bb7 4. e3 e6 5. b3 Be7 6. Ne2 O-O 7. Bb2 c5 8. Rg1 d5 9. g4 Nc6 10. g5 Ne8 11. h4 e5 12. Bh3 Bc8 13. Bxc8 Qxc8 14. Rh1 Qg4 15. Ng3 Qxd1+ 16. Kxd1 g6 17. Nd2 f5 18. gxf6 Bxf6 19. Ke2 Bg7 20. Rag1 Nf6 21. h5 Kf7 22. hxg6+ hxg6 23. Nf3 Rae8 24. Ng5+ Ke7 25. Nh7 Rh8 26. Nxf6 Bxf6 27. Rxh8 Rxh8 28. Rh1 Rxh1 29. Nxh1 d4 30. e4 Nd8 31. Ng3 Ne6 32. Bc1 Bg5 33. Bxg5+ Nxg5 34. Nf1 Ne6 35. Nd2 b5 36. Nf3 Nf4+ 37. Kd2 Kf6 38. Kd1 a6 39. Nd2 Ke6 40. f3 Ng2 41. Nf1 Kf6 42. Ke2 Kg5 43. Kf2 Nf4 44. Nh2 Kf6 45. Ng4+ Ke6 46. Nh6 Nh5 47. Ng4 Kd6 48. Ke1 Ke6 49. Kd2 Nf6 50. Nf2 Nd7 51. c4 Kf6 52. cxb5 axb5 53. Ng4+ Kg5 54. Ke2 Kf4 55. Kf2 c4 56. bxc4 bxc4 57. dxc4 Nc5 58. Ke2 g5 59. Nf2 d3+ 60. Nxd3+ Nxd3 61. Kxd3 Kxf3 62. c5 g4 63. c6 g3 64. c7 g2 65. c8=Q g1=Q 66. Qf8+ Kg2 67. Qg8+ Kf1 1-0

[Event "CAN-op U1600 (Pinnacle 48th CAN Op Ch)"]
[Site "Toronto CAN"]
[Date "2011.07.09"]
[Round "1"]
[White "Smith, Maurice"]
[Black "Yu, Stephen"]
[Result "1/2-1/2"]
[WhiteElo "1588"]
[BlackElo "1334"]
[PlyCount "92"]
[GameId "2160767909707587"]
[EventDate "2011.07.09"]
[EventType "swiss"]
[EventRounds "9"]
[EventCountry "CAN"]
[SourceTitle "EXT 2022"]
[Source "ChessBase"]
[SourceDate "2021.10.06"]
[SourceVersion "1"]
[SourceVersionDate "2021.10.06"]
[SourceQuality "1"]

1. d4 Nf6 2. c4 g6 3. Nc3 Bg7 4. e4 d6 5. Nf3 O-O 6. Be2 e5 7. dxe5 dxe5 8. Qxd8 Rxd8 9. Bg5 h6 10. Bxf6 Bxf6 11. Nd5 Nd7 12. Nxc7 Rb8 13. O-O-O b6 14. Nd5 Bb7 15. Kb1 Kg7 16. g4 Nc5 17. Nd2 Bxd5 18. cxd5 Bg5 19. f3 b5 20. h4 Bf4 21. h5 g5 22. Nf1 a6 23. Rh3 Nb7 24. Ng3 Nd6 25. Bd3 Kf8 26. Ne2 Be3 27. Ng3 Ke7 28. Rh2 Bf4 29. Rg2 Rdc8 30. Nf5+ Nxf5 31. gxf5 Kd6 32. Rc2 Rxc2 33. Bxc2 Rc8 34. a3 Be3 35. Re1 Bf4 36. Rd1 Be3 37. Rd3 Bd4 38. Rb3 Kc5 39. Bd3 Ra8 40. Be2 f6 41. Rd3 Kd6 42. Rd2 Rc8 43. Rc2 Rc5 44. Rxc5 Kxc5 45. Kc2 Kb6 46. b3 a5 1/2-1/2

[Event "CAN-op U1600 (Pinnacle 48th CAN Op Ch)"]
[Site "Toronto CAN"]
[Date "2011.07.09"]
[Round "1"]
[White "Souchko, Larissa"]
[Black "Law, James"]
[Result "0-1"]
[WhiteElo "1151"]
[BlackElo "1462"]
[PlyCount "58"]
[GameId "2160767909707588"]
[EventDate "2011.07.09"]
[EventType "swiss"]
[EventRounds "9"]
[EventCountry "CAN"]
[SourceTitle "EXT 2022"]
[Source "ChessBase"]
[SourceDate "2021.10.06"]
[SourceVersion "1"]
[SourceVersionDate "2021.10.06"]
[SourceQuality "1"]

1. e4 e6 2. Nf3 d5 3. exd5 exd5 4. d4 Nf6 5. Bg5 Be7 6. Qe2 O-O 7. g3 Re8 8. Be3 h6 9. Bg2 c6 10. O-O Bd6 11. h3 Bf5 12. Nc3 Nbd7 13. a4 Nf8 14. Qd2 Qd7 15. Kh2 Ng6 16. Ne2 Be4 17. c3 Qf5 18. Nfg1 Nh4 19. Nf4 Bxf4 20. f3 Bxe3 21. Qxe3 Nxg2 22. Kxg2 Bd3 23. Qd2 Bxf1+ 24. Rxf1 Qd7 25. h4 Re6 26. Nh3 Rae8 27. Rf2 R6e7 28. g4 Qe6 29. Nf4 Qe3 0-1

[Event "CAN-op U1600 (Pinnacle 48th CAN Op Ch)"]
[Site "Toronto CAN"]
[Date "2011.07.09"]
[Round "1"]
[White "Tismenko, Dennis"]
[Black "Teram, Eli"]
[Result "1-0"]
[WhiteElo "1496"]
[BlackElo "1213"]
[PlyCount "75"]
[GameId "2160767909707590"]
[EventDate "2011.07.09"]
[EventType "swiss"]
[EventRounds "9"]
[EventCountry "CAN"]
[SourceTitle "EXT 2022"]
[Source "ChessBase"]
[SourceDate "2021.10.06"]
[SourceVersion "1"]
[SourceVersionDate "2021.10.06"]
[SourceQuality "1"]

1. e4 e5 2. Nf3 Nc6 3. d4 Nf6 4. dxe5 Nxe4 5. Bc4 Bc5 6. O-O Ne7 7. Bg5 Nxg5 8. Nxg5 O-O 9. Qh5 h6 10. Nxf7 Rxf7 11. Qxf7+ Kh8 12. Nc3 c6 13. Ne2 b5 14. Bb3 a5 15. a3 Ba6 16. Nf4 Bd4 17. c3 Bxe5 18. Rfe1 d6 19. Ne6 Qe8 20. Qxe8+ Rxe8 21. Nc7 Rf8 22. Nxa6 Ra8 23. Nc7 Ra7 24. Ne6 c5 25. Nxc5 Ng6 26. Nd3 Bf6 27. Re8+ Kh7 28. Bg8+ Kh8 29. Bf7+ Kh7 30. Bxg6+ Kxg6 31. Rae1 Bh4 32. Nf4+ Kh7 33. Nd5 Rf7 34. g3 Bg5 35. f4 Bf6 36. Nxf6+ Rxf6 37. R1e6 Rf5 38. Rxd6 1-0

[Event "CAN-op U1600 (Pinnacle 48th CAN Op Ch)"]
[Site "Toronto CAN"]
[Date "2011.07.10"]
[Round "2"]
[White "Dattani, Dinesh"]
[Black "Brown, John R"]
[Result "0-1"]
[WhiteElo "1379"]
[BlackElo "1561"]
[PlyCount "66"]
[GameId "2160767909707592"]
[EventDate "2011.07.09"]
[EventType "swiss"]
[EventRounds "9"]
[EventCountry "CAN"]

1. e4 e5 2. Nf3 Nc6 3. d4 exd4 4. Nxd4 Qh4 5. Qd3 Bc5 6. c3 Nf6 7. Nd2 O-O 8. g3 Qh5 9. Be2 Qg6 10. O-O Ne5 11. Qc2 c6 12. N2f3 Nxf3+ 13. Bxf3 d6 14. Bf4 Bxd4 15. cxd4 d5 16. Rfe1 Re8 17. Be5 Ng4 18. Bf4 Nf6 19. Be5 Nxe4 20. Re2 Ng5 21. Qc3 Nxf3+ 22. Qxf3 Bg4 23. Qe3 Bxe2 24. Qxe2 f6 25. f4 fxe5 26. fxe5 Rad8 27. Re1 Rd6 28. Qf2 Rde6 29. Rf1 R6e7 30. Qd2 Rf7 31. Re1 Qf5 32. Qb4 Qf2+ 33. Kh1 Qc2 0-1

[Event "CAN-op U1600 (Pinnacle 48th CAN Op Ch)"]
[Site "Toronto CAN"]
[Date "2011.07.10"]
[Round "2"]
[White "France, Kyle"]
[Black "Pancer, Jeff"]
[Result "1-0"]
[WhiteElo "1490"]
[BlackElo "1256"]
[PlyCount "109"]
[GameId "2160767909707593"]
[EventDate "2011.07.09"]
[EventType "swiss"]
[EventRounds "9"]
[EventCountry "CAN"]
[SourceTitle "EXT 2022"]
[Source "ChessBase"]
[SourceDate "2021.10.06"]
[SourceVersion "1"]
[SourceVersionDate "2021.10.06"]
[SourceQuality "1"]

1. f4 g6 2. b3 Bg7 3. Nc3 a6 4. Bb2 d6 5. Nf3 h6 6. e4 e6 7. Bc4 b6 8. O-O Bb7 9. Rb1 b5 10. Bd3 Nd7 11. Qe2 Ne7 12. Nd1 Bxb2 13. Nxb2 Nf8 14. c4 bxc4 15. Bxc4 Nh7 16. d4 g5 17. f5 Bc8 18. fxe6 fxe6 19. Rbd1 Ng6 20. g3 g4 21. Nd2 h5 22. d5 e5 23. Nd3 h4 24. Rf2 hxg3 25. hxg3 Ng5 26. Rh2 Rxh2 27. Kxh2 Qe7 28. Rh1 Bd7 29. Nb4 Kf7 30. Bxa6 Rh8+ 31. Kg2 Rxh1 32. Kxh1 Qf6 33. Nc6 Nf3 34. Nxf3 gxf3 35. Qf2 Bh3 36. Bf1 Bxf1 37. Qxf1 Nh4 38. Qh3 f2 39. Qf1 Qf3+ 40. Kh2 Qxe4 41. Qxf2+ Qf3 42. Qxf3+ Nxf3+ 43. Kg2 Nd2 44. b4 Nc4 45. Kf3 Na3 46. Ke4 Nb5 47. Kd3 Kf6 48. a4 Na3 49. a5 Nb5 50. a6 Kf5 51. a7 e4+ 52. Ke3 Nxa7 53. Nxa7 Ke5 54. Nb5 Kxd5 55. Nxc7+ 1-0

[Event "CAN-op U1600 (Pinnacle 48th CAN Op Ch)"]
[Site "Toronto CAN"]
[Date "2011.07.10"]
[Round "2"]
[White "Karpik, Steve"]
[Black "Cui, Gordon"]
[Result "0-1"]
[WhiteElo "1482"]
[BlackElo "1303"]
[PlyCount "52"]
[GameId "2160767909707594"]
[EventDate "2011.07.09"]
[EventType "swiss"]
[EventRounds "9"]
[EventCountry "CAN"]
[SourceTitle "EXT 2022"]
[Source "ChessBase"]
[SourceDate "2021.10.06"]
[SourceVersion "1"]
[SourceVersionDate "2021.10.06"]
[SourceQuality "1"]

1. Nf3 Nc6 2. c4 e5 3. Nc3 Nf6 4. d3 d5 5. cxd5 Nxd5 6. Nxd5 Qxd5 7. Bd2 Bg4 8. e4 Qb5 9. Bc3 Bb4 10. Be2 Bxf3 11. Bxf3 Qa5 12. Qd2 Nd4 13. Bd1 c5 14. O-O Rd8 15. a3 Nc6 16. Bb3 Bxc3 17. bxc3 b5 18. Qa2 O-O 19. Rfd1 Qxc3 20. Rac1 Qa5 21. Rxc5 Rxd3 22. Qb1 Qxa3 23. Rxd3 Qxc5 24. h3 Nd4 25. Bd5 Qc2 26. Qf1 Ne2+ 0-1

[Event "CAN-op U1600 (Pinnacle 48th CAN Op Ch)"]
[Site "Toronto CAN"]
[Date "2011.07.10"]
[Round "2"]
[White "Milicevic, Ljudmila"]
[Black "Supol, George"]
[Result "0-1"]
[WhiteElo "1048"]
[BlackElo "1401"]
[PlyCount "74"]
[GameId "2160767909707595"]
[EventDate "2011.07.09"]
[EventType "swiss"]
[EventRounds "9"]
[EventCountry "CAN"]
[SourceTitle "EXT 2022"]
[Source "ChessBase"]
[SourceDate "2021.10.06"]
[SourceVersion "1"]
[SourceVersionDate "2021.10.06"]
[SourceQuality "1"]

1. e4 c6 2. Nf3 d5 3. exd5 cxd5 4. d4 Nf6 5. Nc3 e6 6. Bb5+ Bd7 7. Bxd7+ Nfxd7 8. O-O a6 9. a3 g6 10. Re1 Bg7 11. Bg5 Nf6 12. Bxf6 Bxf6 13. Ne5 O-O 14. Qf3 Bxe5 15. dxe5 Nc6 16. Rad1 Qc7 17. Qe3 d4 18. Rxd4 Nxd4 19. Qxd4 Rad8 20. Qf4 f6 21. Qg3 fxe5 22. Qxe5 Qxe5 23. Rxe5 Rd2 24. f3 Rxc2 25. Rxe6 Rxb2 26. Re7 Rf7 27. Re3 Rd7 28. h3 Rdd2 29. a4 Rxg2+ 30. Kf1 Rgc2 31. Nd1 Rb1 32. Re1 Kf7 33. h4 Rh2 34. f4 Rxh4 35. a5 Rh1+ 36. Ke2 Rxe1+ 37. Kxe1 Rb4 0-1

[Event "CAN-op U1600 (Pinnacle 48th CAN Op Ch)"]
[Site "Toronto CAN"]
[Date "2011.07.10"]
[Round "2"]
[White "Molev, Daniel"]
[Black "Lean, Nathan"]
[Result "1-0"]
[WhiteElo "1372"]
[BlackElo "1515"]
[PlyCount "31"]
[GameId "2160767909707596"]
[EventDate "2011.07.09"]
[EventType "swiss"]
[EventRounds "9"]
[EventCountry "CAN"]
[SourceTitle "EXT 2022"]
[Source "ChessBase"]
[SourceDate "2021.10.06"]
[SourceVersion "1"]
[SourceVersionDate "2021.10.06"]
[SourceQuality "1"]

1. e4 c5 2. Nf3 d6 3. Bc4 Nc6 4. d4 cxd4 5. Nxd4 Nf6 6. Nc3 g6 7. Be3 Bg7 8. Qd2 Ng4 9. Nxc6 bxc6 10. Bg5 O-O 11. f3 Ne5 12. Bb3 Ba6 13. Bh6 Nc4 14. Bxc4 Bxc4 15. Bxg7 Kxg7 16. Qd4+ 1-0

[Event "CAN-op U1600 (Pinnacle 48th CAN Op Ch)"]
[Site "Toronto CAN"]
[Date "2011.07.10"]
[Round "2"]
[White "Rogers, Michael"]
[Black "Gomes, Michael"]
[Result "1-0"]
[WhiteElo "1542"]
[BlackElo "1041"]
[PlyCount "43"]
[GameId "2160767909707598"]
[EventDate "2011.07.09"]
[EventType "swiss"]
[EventRounds "9"]
[EventCountry "CAN"]
[SourceTitle "EXT 2022"]
[Source "ChessBase"]
[SourceDate "2021.10.06"]
[SourceVersion "1"]
[SourceVersionDate "2021.10.06"]
[SourceQuality "1"]

1. e4 c5 2. Nf3 d6 3. d4 cxd4 4. Nxd4 Nf6 5. Nc3 Nc6 6. Bc4 g6 7. Nxc6 bxc6 8. e5 Ng4 9. e6 f5 10. Bf4 d5 11. Nxd5 Bxe6 12. Nc7+ Kf7 13. Bxe6+ Kg7 14. Nxa8 Qxa8 15. Qd4+ Nf6 16. O-O-O c5 17. Qe3 h6 18. Qxc5 Qe4 19. Qe5 Qxg2 20. Rhg1 Qxf2 21. Qxf5 g5 22. Rxg5+ 1-0

[Event "CAN-op U1600 (Pinnacle 48th CAN Op Ch)"]
[Site "Toronto CAN"]
[Date "2011.07.10"]
[Round "2"]
[White "Siu, Wayne"]
[Black "Souchko, Larissa"]
[Result "1-0"]
[WhiteElo "1527"]
[BlackElo "1151"]
[PlyCount "77"]
[GameId "2160767909707599"]
[EventDate "2011.07.09"]
[EventType "swiss"]
[EventRounds "9"]
[EventCountry "CAN"]
[SourceTitle "EXT 2022"]
[Source "ChessBase"]
[SourceDate "2021.10.06"]
[SourceVersion "1"]
[SourceVersionDate "2021.10.06"]
[SourceQuality "1"]

1. d4 Nf6 2. e3 e6 3. Bd3 d5 4. Nd2 c5 5. c3 Be7 6. f4 c4 7. Bc2 b5 8. Ngf3 Nbd7 9. O-O O-O 10. Ne5 a6 11. Rf3 Nxe5 12. fxe5 Nh5 13. g4 Bg5 14. Nf1 f5 15. gxh5 Bh6 16. Ng3 Ra7 17. Ne2 Bd7 18. Nf4 Be8 19. Nxe6 Qe7 20. Nf4 Bxf4 21. Rxf4 Qg5+ 22. Kf2 Bxh5 23. Qg1 Bg4 24. Qg3 h5 25. h4 Qd8 26. Bd2 g5 27. hxg5 Qxg5 28. Rh1 Rh7 29. Rh4 Qg6 30. Ke1 Rhf7 31. Bd1 Rg7 32. Bf3 Rd7 33. Kd1 Kf7 34. Bxg4 hxg4 35. Rhxg4 Qh5 36. Kc2 Ke6 37. Rg6+ Ke7 38. Qg5+ Qxg5 39. Rxg5 1-0

[Event "CAN-op U1600 (Pinnacle 48th CAN Op Ch)"]
[Site "Toronto CAN"]
[Date "2011.07.10"]
[Round "2"]
[White "Yie, Kevin Yi Xiao"]
[Black "Smith, Maurice"]
[Result "1/2-1/2"]
[WhiteElo "1431"]
[BlackElo "1588"]
[PlyCount "72"]
[GameId "2160767909707602"]
[EventDate "2011.07.09"]
[EventType "swiss"]
[EventRounds "9"]
[EventCountry "CAN"]
[SourceTitle "EXT 2022"]
[Source "ChessBase"]
[SourceDate "2021.10.06"]
[SourceVersion "1"]
[SourceVersionDate "2021.10.06"]
[SourceQuality "1"]

1. d4 Nf6 2. Nf3 d5 3. Bf4 Bf5 4. e3 e6 5. Nbd2 Nbd7 6. Be2 c5 7. c3 Be7 8. O-O O-O 9. h3 h6 10. Ne5 cxd4 11. exd4 Rc8 12. Ndf3 Ne4 13. Nxd7 Qxd7 14. Bd3 Bd6 15. Bxd6 Nxd6 16. Bxf5 Nxf5 17. Re1 Nd6 18. Ne5 Qc7 19. Nd3 b6 20. a4 Nc4 21. Qe2 Rfe8 22. f4 Qd6 23. Ne5 Nxe5 24. fxe5 Qc6 25. Qb5 Re7 26. Qxc6 Rxc6 27. Re3 Rec7 28. Kf2 Rc4 29. Ke2 Rc8 30. Kd2 R4c7 31. Ra3 g5 32. g4 Kg7 33. Rf3 Rf8 34. Rf6 Rfc8 35. Kd3 Rc4 36. Rf3 R8c7 1/2-1/2

[Event "CAN-op U1600 (Pinnacle 48th CAN Op Ch)"]
[Site "Toronto CAN"]
[Date "2011.07.10"]
[Round "2"]
[White "Yu, Stephen"]
[Black "Noritsyn, Sergey"]
[Result "0-1"]
[WhiteElo "1334"]
[BlackElo "1491"]
[PlyCount "110"]
[GameId "2160767909707603"]
[EventDate "2011.07.09"]
[EventType "swiss"]
[EventRounds "9"]
[EventCountry "CAN"]
[SourceTitle "EXT 2022"]
[Source "ChessBase"]
[SourceDate "2021.10.06"]
[SourceVersion "1"]
[SourceVersionDate "2021.10.06"]
[SourceQuality "1"]

1. e4 b6 2. Nc3 Bb7 3. Nf3 e6 4. d4 Bb4 5. Bd3 Nf6 6. e5 Ne4 7. Bd2 Bxc3 8. Bxc3 Nxc3 9. bxc3 d6 10. O-O Nd7 11. Re1 O-O 12. Be4 d5 13. Bd3 Qe7 14. a4 c5 15. Bb5 a6 16. Bf1 c4 17. Qc1 Rfb8 18. Ng5 h6 19. Nh3 Nf8 20. Nf4 Ng6 21. Be2 b5 22. Bh5 Kh7 23. Bxg6+ fxg6 24. Re3 Qf7 25. Rf3 Qe8 26. h4 g5 27. hxg5 hxg5 28. Rh3+ Kg8 29. Nh5 Qg6 30. Nxg7 Qxg7 31. Rg3 Kf8 32. Rxg5 Qf7 33. Rg3 Ke7 34. Qg5+ Kd7 35. Re1 Rg8 36. Qc1 Rxg3 37. fxg3 Rf8 38. Re2 Qh7 39. axb5 Rh8 40. Re1 Qh2+ 41. Kf2 Rf8+ 42. Ke2 Qxg2+ 43. Kd1 Rf2 44. Qa3 Qf3+ 45. Kc1 Qf8 46. Qxf8 Rxf8 47. bxa6 Bxa6 48. Kd2 Rg8 49. Rg1 Ke7 50. Ke3 Bb5 51. Kf4 Be8 52. g4 Bg6 53. Rg2 Be4 54. Rh2 Kf7 55. Rh7+ Bxh7 0-1

[Event "CAN-op U1600 (Pinnacle 48th CAN Op Ch)"]
[Site "Toronto CAN"]
[Date "2011.07.11"]
[Round "3"]
[White "Blium, Benjamin"]
[Black "Siu, Wayne"]
[Result "0-1"]
[WhiteElo "1382"]
[BlackElo "1527"]
[PlyCount "77"]
[GameId "2160767909707604"]
[EventDate "2011.07.09"]
[EventType "swiss"]
[EventRounds "9"]
[EventCountry "CAN"]
[SourceTitle "EXT 2022"]
[Source "ChessBase"]
[SourceDate "2021.10.06"]
[SourceVersion "1"]
[SourceVersionDate "2021.10.06"]
[SourceQuality "1"]

1. e4 d5 2. d4 dxe4 3. Nc3 Nf6 4. f3 Bf5 5. fxe4 Nxe4 6. Be3 e6 7. Bd3 Bb4 8. Nge2 O-O 9. O-O Nd6 10. Ng3 Bxd3 11. Qxd3 f5 12. d5 Bxc3 13. bxc3 e5 14. Bc5 Nd7 15. Bxd6 cxd6 16. Rxf5 Qb6+ 17. Kh1 Rxf5 18. Qxf5 Nf6 19. Rf1 Rf8 20. Nh5 Qd8 21. Qe6+ Kh8 22. Nxf6 Rxf6 23. Rxf6 gxf6 24. g4 Kg7 25. Qf5 Qe7 26. Kg2 b5 27. Kf3 Qc7 28. Qd3 a6 29. a3 Qc5 30. Ke4 Qxa3 31. g5 Qa4+ 32. Kf5 Kf7 33. Qe3 Qf4+ 34. Qxf4 exf4 35. Kxf4 fxg5+ 36. Ke3 Kf6 37. Kd4 h5 38. c4 bxc4 39. Kxc4 0-1

[Event "CAN-op U1600 (Pinnacle 48th CAN Op Ch)"]
[Site "Toronto CAN"]
[Date "2011.07.11"]
[Round "3"]
[White "Cui, Gordon"]
[Black "McRoberts, Julian"]
[Result "1/2-1/2"]
[WhiteElo "1303"]
[BlackElo "1492"]
[PlyCount "60"]
[GameId "2160767909707605"]
[EventDate "2011.07.09"]
[EventType "swiss"]
[EventRounds "9"]
[EventCountry "CAN"]
[SourceTitle "EXT 2022"]
[Source "ChessBase"]
[SourceDate "2021.10.06"]
[SourceVersion "1"]
[SourceVersionDate "2021.10.06"]
[SourceQuality "1"]

1. e4 e6 2. d4 d5 3. Nc3 Bb4 4. e5 c5 5. dxc5 Bxc5 6. Bb5+ Nc6 7. Nf3 Nge7 8. Na4 Qa5+ 9. Nc3 Ng6 10. O-O Bd7 11. Re1 Ncxe5 12. Bxd7+ Nxd7 13. Qxd5 O-O-O 14. Qc4 Qc7 15. Be3 Bxe3 16. Qxc7+ Kxc7 17. Rxe3 a6 18. Ng5 Nde5 19. f4 h6 20. Nxe6+ fxe6 21. fxe5 Ne7 22. Rf1 Nf5 23. Rd3 g5 24. Nd5+ Kc6 25. Nb4+ Kc5 26. Rxd8 Rxd8 27. Nd3+ Kb5 28. a4+ Kc4 29. b3+ Kd5 30. Rd1 Rc8 1/2-1/2

[Event "CAN-op U1600 (Pinnacle 48th CAN Op Ch)"]
[Site "Toronto CAN"]
[Date "2011.07.11"]
[Round "3"]
[White "Gomes, Michael"]
[Black "Abbarin, Shabnam"]
[Result "1-0"]
[WhiteElo "1042"]
[BlackElo "1474"]
[PlyCount "85"]
[GameId "2160767909707606"]
[EventDate "2011.07.09"]
[EventType "swiss"]
[EventRounds "9"]
[EventCountry "CAN"]
[SourceTitle "EXT 2022"]
[Source "ChessBase"]
[SourceDate "2021.10.06"]
[SourceVersion "1"]
[SourceVersionDate "2021.10.06"]
[SourceQuality "1"]

1. d4 d5 2. c4 c6 3. Nc3 Nf6 4. Bf4 Bf5 5. c5 e6 6. e3 Qa5 7. a3 Nbd7 8. Nf3 Be7 9. b4 Qd8 10. Bd3 Bg4 11. h3 Bh5 12. Qc2 Bxf3 13. gxf3 Nh5 14. Rg1 Nxf4 15. exf4 Bf6 16. Ne2 Qc7 17. h4 h5 18. f5 Qh2 19. fxe6 fxe6 20. Bg6+ Ke7 21. Kd2 Qxf2 22. Raf1 Qxh4 23. f4 Qh3 24. Bd3 h4 25. Rf2 Rhg8 26. Rfg2 Qf3 27. Rg4 Raf8 28. R1g2 h3 29. R2g3 Qf2 30. Bh7 h2 31. Rh3 Bxd4 32. Bxg8 Nf6 33. Rxg7+ Kd8 34. Bh7 Nxh7 35. Rgxh7 Rxf4 36. Rxb7 Re4 37. Qd3 Be3+ 38. Kc2 Kc8 39. Qa6 Rc4+ 40. Kb3 h1=Q 41. Rxa7+ Kd8 42. Qb6+ Ke8 43. Qb8# 1-0

[Event "CAN-op U1600 (Pinnacle 48th CAN Op Ch)"]
[Site "Toronto CAN"]
[Date "2011.07.11"]
[Round "3"]
[White "Lean, Nathan"]
[Black "Vaugh, Jason"]
[Result "1-0"]
[WhiteElo "1515"]
[BlackElo "851"]
[PlyCount "37"]
[GameId "2160767909707607"]
[EventDate "2011.07.09"]
[EventType "swiss"]
[EventRounds "9"]
[EventCountry "CAN"]
[SourceTitle "EXT 2022"]
[Source "ChessBase"]
[SourceDate "2021.10.06"]
[SourceVersion "1"]
[SourceVersionDate "2021.10.06"]
[SourceQuality "1"]

1. e4 e5 2. Nf3 Nf6 3. Nc3 Nc6 4. Bb5 a6 5. Bxc6 bxc6 6. Nxe5 d6 7. Nxc6 Qd7 8. Nb4 c5 9. Nbd5 Nxd5 10. Nxd5 Qe7 11. Nxe7 Bxe7 12. d4 O-O 13. O-O Re8 14. dxc5 dxc5 15. Bf4 Bb7 16. Qe2 Rad8 17. Rad1 a5 18. Rxd8 Bxd8 19. Qb5 1-0